Pays du Commonwealth sur une carte - Statistiques

Statistiques générales
  • Ce quiz a été pris 176 fois
  • Le résultat moyen est 40 sur 61
Réponses sur la Carte
Les réponses sont colorées sur une échelle allant du rouge au vert en fonction du pourcentage des utilisateurs qui les ont devinées à leur premier essai. Vous pouvez retrouver ces pourcentages ci-dessous.
 
Statistiques - réponses
Pays du Commonwealth % Correct
Canada
98%
Inde
96%
Australie
93%
Royaume-Uni
92%
Afrique du Sud
90%
Pakistan
89%
Nouvelle-Zélande
84%
Sri Lanka
79%
Nigeria
77%
Bangladesh
75%
Lesotho
75%
Chypre
74%
Guyana
74%
Togo
74%
Irlande
73%
Papouasie-Nouvelle-Guinée
73%
Bahamas
72%
Jamaïque
72%
Cameroun
71%
Fidji
71%
Belize
70%
Ghana
70%
Kenya
70%
Malaisie
70%
Ouganda
70%
Botswana
69%
Eswatini
69%
Gabon
69%
Tanzanie
69%
Zambie
69%
Maldives
68%
Seychelles
68%
Rwanda
67%
Sierra Leone
66%
Soudan
66%
Zimbabwe
66%
Soudan du Sud
65%
Tonga
64%
Barbade
62%
Malte
62%
Antigua-et-Barbuda
61%
Îles Salomon
61%
Sainte-Lucie
61%
Saint-Vincent-et-les-Grenadines
61%
Trinité-et-Tobago
61%
Tuvalu
61%
Vanuatu
61%
Kiribati
60%
Nauru
60%
Samoa
60%
Suriname
60%
Grenade
55%
Saint-Christophe-et-Niévès
55%
Dominique
52%
Maurice
49%
Singapour
48%
Brunei
46%
Malawi
26%
Gambie
21%
Mozambique
21%
Namibie
19%
Aucun quiz correspondant
Distribution des résultats
% des personnes avec chaque résultat
Percentile par nombre de réponses
Votre historique - résultats
Vous n’avez pas pris ce quiz